De la ALALC al mercado común latinoamericano : (Record no. 1885)

000 -CABECERA
fixed length control field 00901nam a22002177a 4500
003 - IDENTIFICADOR DEL NÚMERO DE CONTROL
control field AR-CdUCM
008 - DATOS DE LONGITUD FIJA--INFORMACIÓN GENERAL
fixed length control field 190228b ||||| |||| 00| 0 spa d
040 ## - FUENTE DE LA CATALOGACIÓN
Agencia/entidad que catalogó originalmente la obra MUNICIPALIDAD PROVINCIAL DEL CUSCO
Entidad que transcribió la catalogación BIBLIOTECA MUNICIPAL DEL CUSCO
082 ## - NÚMERO DE LA CLASIFICACIÓN DECIMAL DEWEY
No. de Clasificación 382.980 /
Notacion interna C19
100 ## - ENTRADA PRINCIPAL--NOMBRE DE PERSONA
Nombre Personal Calderon Martinez, Antonio
245 ## - MENCIÓN DE TÍTULO
Título De la ALALC al mercado común latinoamericano :
Resto del título análisis de algunos problemas para la formación de la tarifa externa común /
260 ## - PUBLICACIÓN, DISTRIBUCIÓN, ETC.
Lugar de publicación, distribución, etc. Mexico :
Nombre de la editorial, distribuidor, etc. PESA ,
Fecha de publicación, distribución, etc. 1966.
300 ## - DESCRIPCIÓN FÍSICA
Nº de Páginas Extensión 181 páginas ;
Dimensiones 22 cm.
440 ## - MENCIÓN DE SERIE/PUNTO DE ACCESO ADICIONAL--TÍTULO
Título Colección ALALC
9 (RLIN) 6905
505 ## - NOTA DE CONTENIDO CON FORMATO
Nota de contenido formateada La integración económica regional -- La teoría de la integración económica regional -- Experiencia del mercado común centroamericano...
650 ## - PUNTO DE ACCESO ADICIONAL DE MATERIA--TÉRMINO DE MATERIA
Descriptor Mercado Latinoamericano.
9 (RLIN) 6906
650 ## - PUNTO DE ACCESO ADICIONAL DE MATERIA--TÉRMINO DE MATERIA
Descriptor Industria Automotriz.
9 (RLIN) 6907
650 ## - PUNTO DE ACCESO ADICIONAL DE MATERIA--TÉRMINO DE MATERIA
Descriptor Unión Aduanera.
9 (RLIN) 6908
942 ## - ELEMENTOS DE PUNTO DE ACCESO ADICIONAL (KOHA)
Fuente de clasificación
Tipo de item Libros-BMC
945 ## - PROCESAMIENTO DE INFORMACIÓN LOCAL (OCLC)
Catalogador wfj
AAAA-MM-DD - Fecha de ingreso o modificacion 2019-02-28
Holdings
Estado de retiro (separado) Fuente de clasificación o esquema de estanterías Estado dañado Ubicación Sala donde se ubica Nombre de la colección Fecha de adquisición o compra Costo, precio normal en soles Signatura topográfica Código de Barras Última vez visto (Koha) Tipo de ítem (Koha)
No     Sala Humanidades Sala Humanidades Book Cart 2019-02-28 30.00 382.980 / C19 SH0000002192 2019-02-28 Libros-BMC

Powered by Koha